000 02027cam a2200433Ia 4500
999 _c478
_d478
001 1006090922
003 OSt
005 20190816084619.0
007 cr |n|||||||||
008 171013s2017 nyu o 000 0 eng d
020 _a9781615194216
035 _a(OCoLC)1006090922
_z(OCoLC)1005872463
040 _aIDEBK
_beng
_cIDEBK
_dYDX
_dEBLCP
_dTEFOD
_dRECBK
_dTEFOD
_dOCLCF
_dOCLCQ
041 1 _aeng
_hjpn
049 _aBNYC
082 0 4 _a793.74 INA
_223
091 _aeNYPL Book
100 1 _aInaba, Naoki.
240 1 0 _aMenseki meiro.
_lEnglish.
245 1 4 _aThe original area mazes :
_b100 addictive puzzles to solve with simple math--and clever logic! /
_cby Naoki Inaba and Ryoichi Murakami ; introduced by Alex Bellos.
260 _aNew York :
_bThe Experiment,
_c2017.
300 _a156 p. ;
_bill. :
_c18 cm.
336 _atext
_btxt
_2rdacontent.
337 _acomputer
_bc
_2rdamedia.
338 _aonline resource
_bcr
_2rdacarrier.
500 _aOriginally published: Tokya, Japan : Gakken Pub., 2011.
520 _aIt's the best kind of puzzle: The rules are simple--but getting the answer can take all your creativity. Your quest is to navigate a network of rectangles to find a missing value, using just a few ""givens."" No complex math is required! Just remember: To find an area, multiply the lengths of the sides. The inventor of area mazes, master puzzlemaker Naobi Inaba, has selected 100 of his best mazes and organized them into five levels of difficulty. Try area mazes for yourself--you'll be hooked in no time!
588 0 _aOnline resource; title from READ title page (OverDrive, viewed October 24, 2017).
650 0 _aMaze puzzles.
650 0 _aArea measurement.
650 7 _aGAMES & ACTIVITIES / Logic & Brain Teasers.
_2bisacsh.
650 7 _aArea measurement.
_2fast
_0(OCoLC)fst00814182.
650 7 _aMaze puzzles.
_2fast
_0(OCoLC)fst01012940.
700 1 _aMurakami, Ryoichi.
700 1 _aBellos, Alex,
_d1969-
901 _aOCLC
908 4 _aGV1507.M3
942 _2ddc
_cNFIC